00690 2200253 4500001002100000005001700021008004100038020002200079035002400101040001200125082001600137084001600153090001600169100001600185245004800201260002800249300003100277650003600308700002900344850001200373990001700385990001700402990001700419INLIS00000000000017220141003093208.0  a978-0-8048-3980-8 0010-101400000000067 aYOPDYOG a728.3 Ing T a728.3 Ing T a728.3 Ing T aINGLIS, Kim aTropical home :binspirational design ideas aSingaporebTuttlec2010 a143 hlm.b: ilus. ;c24 cm aRumah Tinggal- Pola dan Rencana aTettoni, Luca Invernizzi aYOPDYOG a8245-PD/B.14 a8246-PD/B.14 a8247-PD/B.14